00598 2200229 4500001002100000005001500021035002000036245005900056100001200115250000600127300003500133700001600168260003900184082001100223084001700234020002200251650002700273990001700300990001700317990001700334990001700351INLIS00000000000067320190125125831 a0010-01190001291 aBudi Daya Tanaman Soka /cFrida N; Editor, Yulianawati0 aFrida N a- avi, 74 hlm. :bilus. ;c21 cm.0 aYulianawati aSemarang :bCV Ghyyas Putra,c2008 a635.95 a635.95 FRI b a978-979-1495-39-4 aPengembangbiakan Bunga a02531/P/2018 a02532/P/2018 a02533/P/2018 a02534/P/2018